| 000 | 00411nam a22001697a 4500 | ||
|---|---|---|---|
| 003 | MPLRDC | ||
| 005 | 20220104124222.0 | ||
| 008 | 210129b ||||| |||| 00| 0 eng d | ||
| 082 | _a870.8 YHDZ-2 v.21 | ||
| 100 | _aMARK TWAIN | ||
| 245 |
_a汤姆历险记 _c |
||
| 260 |
_a _b学林书店 _c |
||
| 300 | _b平 | ||
| 490 | _a英汉对照. 世界文学名著;21 | ||
| 650 | _a | ||
| 942 |
_cBK _o870.8 YHDZ-2 v.21 |
||
| 999 |
_c17577 _d17567 |
||